000 00376nam a2200133Ia 4500
008 260604s9999 xx 000 0 und d
020 _a9781835492550
082 _a658 JEY
100 _aJEYANTHI [MARY P.]
_935545
245 0 _aBUSINESS MANAGEMENT AND ETHICS: INSIGHTS FROM INDIAN ETHOS
260 _bEMERALD PUBLISHING
500 _aManagement, Business, Ethics
942 _cBK
999 _c8366
_d8366